Religion Quiz

Random Religion or City Quiz

'B' Catholic Archdioceses Quiz Stats

 Plays Quiz not verified by Sporcle

Challenge
Share
Tweet
Embed
Score 0/46 Timer 08:00
0 Plays Today
Country City % Correct
ArgentinaBuenos Aires
92.6%
GermanyBerlin
88.9%
ColombiaBogotá
87%
SpainBarcelona
81.5%
USABoston
81.5%
ThailandBangkok
77.8%
BrazilBrasília
77.8%
United KingdomBirmingham
75.9%
USABaltimore
74.1%
RomaniaBucharest
72.2%
ChinaBeijing
70.4%
SerbiaBelgrade
68.5%
ItalyBologna
66.7%
Rep. of CongoBrazzaville
63%
MaliBamako
61.1%
SlovakiaBratislava
61.1%
AustraliaBrisbane
61.1%
FranceBordeaux
51.9%
Central African RepublicBangui
50%
ItalyBari
50%
BurundiBujumbura
48.1%
IndiaBangalore
46.3%
BrazilBelo Horizonte
44.4%
Country City % Correct
South AfricaBloemfontein
44.4%
NigeriaBenin City
33.3%
PortugalBraga
31.5%
ColombiaBarranquilla
27.8%
BrazilBelém
27.8%
MalawiBlantyre
27.8%
IndiaBhopal
25.9%
GermanyBamberg
24.1%
ZimbabweBulawayo
24.1%
MozambiqueBeira
22.2%
VenezuelaBarquisimeto
20.4%
Burkina FasoBobo-Dioulasso
20.4%
PolandBiałystok
18.5%
SpainBurgos
16.7%
ArgentinaBahía Blanca
14.8%
FranceBesançon
14.8%
Côte d'IvoireBouaké
14.8%
Dem. Rep. of CongoBukavu
14.8%
CameroonBamenda
13%
ItalyBenevento
11.1%
ColombiaBucaramanga
11.1%
CameroonBertoua
5.6%
BrazilBotucatu
3.7%

You're not logged in!

Compare scores with friends on all Sporcle quizzes.
Join for Free
OR
Log In

You Might Also Like...

Show Comments

Extras

Top Quizzes Today


Score Distribution

Your Account Isn't Verified!

In order to create a playlist on Sporcle, you need to verify the email address you used during registration. Go to your Sporcle Settings to finish the process.

Report this User

Report this user for behavior that violates our Community Guidelines.

Details: